000 00956nam a2200313Ia 4500
003 OSt
005 20220912150443.0
006 a|||||r|||| 00| 0
007 ta
008 220909b |||||||| |||| 00| 0 eng d
020 _a0521653851 (pbk)
024 _a12452
037 _b065, 31/08/2004, Dhanraj Book House
037 _cTextual
040 _aCSL
_beng
_cCSL
041 _aeng
082 _aJ:438:55, P4
100 _aHajek Ann E
245 0 _aNatural enemies: an introduction to biological control
260 _aCambridge
_bCambridge University Press
_c2004
300 _axv, 378p.
_ccm.
500 _aGlossary 338-346p.
_ccm.; Bibliographical references 347-365p.
_ccm.; Index 366-378p.
_ccm.
650 _a Biological control
650 _a Pests
650 _a Weeds
650 _aAgriculture
942 _hJ:438:55, P4
_cTEXL
_2CC
999 _c47756
_d47756